Online katalóg knižníc regiónu Turca

[Perry Mason (Record no. 20696)

MARC details
000 -LEADER
fixed length control field 01412nam a2200385 a 4500
001 - CONTROL NUMBER
control field 20696
003 - CONTROL NUMBER IDENTIFIER
control field VRT
005 - DATE AND TIME OF LATEST TRANSACTION
control field 20260130103854.0
008 - FIXED-LENGTH DATA ELEMENTS--GENERAL INFORMATION
fixed length control field 251113s1970 xo a slo
020 ## - INTERNATIONAL STANDARD BOOK NUMBER
Terms of availability 62,00
035 ## - SYSTEM CONTROL NUMBER
System control number SNK000304246
035 ## - SYSTEM CONTROL NUMBER
System control number urn:nbn:sk:snk-amyebl
035 ## - SYSTEM CONTROL NUMBER
System control number urn:nbn:sk:snk-am00cft5
035 ## - SYSTEM CONTROL NUMBER
System control number 104004B7-9BC0-4550-80A6-B8390BD7005C
039 #9 - LEVEL OF BIBLIOGRAPHIC CONTROL AND CODING DETAIL [OBSOLETE]
Level of rules in bibliographic description 202511131451
Level of effort used to assign nonsubject heading access points VLOAD
Level of effort used to assign subject headings 202511131402
Level of effort used to assign classification VLOAD
Level of effort used to assign subject headings 202503121319
Level of effort used to assign classification VLOAD
Level of effort used to assign subject headings 202403181836
Level of effort used to assign classification VLOAD
040 ## - CATALOGING SOURCE
Original cataloging agency SNK
Language of cataloging slo
Transcribing agency SNK
Description conventions AACR2
041 0# - LANGUAGE CODE
Language code of text/sound track or separate title slo
044 ## - COUNTRY OF PUBLISHING/PRODUCING ENTITY CODE
MARC country code xo
ISO country code SK
080 ## - UNIVERSAL DECIMAL CLASSIFICATION NUMBER
Universal Decimal Classification number 820(73)-31=854
Edition identifier 1981
080 ## - UNIVERSAL DECIMAL CLASSIFICATION NUMBER
Universal Decimal Classification number 82-312.4
Edition identifier 1981
100 1# - MAIN ENTRY--PERSONAL NAME
Personal name Gardner, Erle Stanley,
Dates associated with a name 1889-1970
Relationship aut
245 10 - TITLE STATEMENT
Title [Perry Mason
Number of part/section of a work 1. zv.]
Name of part/section of a work Prípad námesačníkovej netere
-- Prípad chromého kanárika
-- Prípad s hracími kockami
Statement of responsibility, etc. Erle Stanley Gardner
260 ## - PUBLICATION, DISTRIBUTION, ETC.
Place of publication, distribution, etc. Bratislava
Name of publisher, distributor, etc. Slovenský spisovateľ
Date of publication, distribution, etc. 1971
300 ## - PHYSICAL DESCRIPTION
Extent 540 s.
Dimensions 21 cm
490 1# - SERIES STATEMENT
Series statement Zelená knižnica
500 ## - GENERAL NOTE
General note Náhrada za stratený exemplár
650 07 - SUBJECT ADDED ENTRY--TOPICAL TERM
Topical term or geographic name entry element americká literatúra
Source of heading or term SNKPH
650 07 - SUBJECT ADDED ENTRY--TOPICAL TERM
Topical term or geographic name entry element detektívne romány
Source of heading or term SNKPH
830 #0 - SERIES ADDED ENTRY--UNIFORM TITLE
Uniform title Zelená knižnica
942 ## - ADDED ENTRY ELEMENTS (KOHA)
Source of classification or shelving scheme Dewey Decimal Classification
Koha item type Krásna literatúra pre dospelých
Suppress in OPAC No
949 ## - LOCAL PROCESSING INFORMATION (OCLC)
6 17A0171939
9 P60, <03>, [BOOK], {603}
a snkSD 38418
b snkK 1623/98
o náhrada S
s 6100:20161107
949 ## - LOCAL PROCESSING INFORMATION (OCLC)
6 17A0394485
9 P60, <05>, [BOOK], {605}
a snkSD 38418 D1
b snkKSP 1196/71
Holdings
Stav vyradenia Strata Poškodenie Spôsob nadobudnutia Domovská knižnica Aktuálna knižnica Dátum nadobudnutia Total checkouts Čiarový kód exemplára Date last seen Typ exemplára
      Dar Obecná knižnica Horná Štubňa Obecná knižnica Horná Štubňa 30.01.2026   4736200829 30.01.2026 Krásna literatúra pre dospelých
Projekt je podporený Slovenskou asociáciou knižníc
Prevádzkuje Turčianska knižnica Martin 2026